Programming With C ++ (Record no. 8893)

MARC details
000 -LEADER
fixed length control field 00392nam a2200169Ia 4500
008 - FIXED-LENGTH DATA ELEMENTS--GENERAL INFORMATION
fixed length control field 221030s9999 xx 000 0 und d
020 ## - INTERNATIONAL STANDARD BOOK NUMBER
ISBN 0070494886
041 ## - LANGUAGE CODE
Language code of text/sound track or separate title
082 ## - DEWEY DECIMAL CLASSIFICATION NUMBER
Classification number 105.23
100 ## - MAIN ENTRY--AUTHOR NAME
Personal name D. Ravichandran
245 #0 - TITLE STATEMENT
Title Programming With C ++
Statement of responsibility, etc by D. Ravichandran
250 ## - EDITION STATEMENT
Edition statement 2nd
260 ## - PUBLICATION, DISTRIBUTION, ETC. (IMPRINT)
Name of publisher TMH
Place of publication New Delhi
Year of publication 2009
300 ## - PHYSICAL DESCRIPTION
Number of Pages 685
650 ## - SUBJECT ADDED ENTRY--TOPICAL TERM
Topical Term Computers
942 ## - ADDED ENTRY ELEMENTS (KOHA)
Koha item type Books
Holdings
Accession Number Cost, normal purchase price Bill Date Full call number Source of acquisition Price effective from Koha item type Withdrawn / writtenoff status Materials specified (bound volume or other part) Damaged status Not for loan Permanent Location Current Location Shelving location Date acquired Lost/ Missing status department
M 1739 325.00 153 105.23 Durga Books, Amritsar 10/30/2022 Books   Print     MIET Library, Jammu MIET Library, Jammu BL-Academic Block B, FL-2, CUP-99, SH-5, R-5 02/24/2010   MCA
M 1740 325.00 153 105.23 Durga Books, Amritsar 10/30/2022 Books   Print     MIET Library, Jammu MIET Library, Jammu BL-Academic Block B, FL-1, CUP-99, SH-2, R-2 02/24/2010   MCA
M 1741 325.00 153 105.23 Durga Books, Amritsar 10/30/2022 Books   Print     MIET Library, Jammu MIET Library, Jammu BL-Academic Block B, FL-1, CUP-99, SH-3, R-3 02/24/2010   MCA
M 1742 325.00 153 105.23 Durga Books, Amritsar 10/30/2022 Books   Print     MIET Library, Jammu MIET Library, Jammu BL-Academic Block B, FL-2, CUP-99, SH-3, R-3 02/24/2010   MCA
M 1743 325.00 153 105.23 Durga Books, Amritsar 10/30/2022 Books   Print     MIET Library, Jammu MIET Library, Jammu BL-Academic Block B, FL-1, CUP-99, SH-3, R-3 02/24/2010   MCA